1222 1356 1865 1391 1381 1155 1159 1560 1254 1332 1770 1221 1880 1800 1983 1833 1288 1979 1981 1985 1529 1195 1971 1507 1640 1608 1500 1049 1875 1399 1230 1060 1421 1670 1408 1763 1794 1626 1713 1989 1972 1763 1424 1851 1662 1155 1482 1409 1255 1304 1733 1601 1024 1290 1359 1090 1874 1803 1666 1596 1904 1219 1968 1289 1708 1887 1661 1967 1713 1423 1535 1402 1365 1706 1858 1358 1053 1148 1206 1244 1031 1355 1617 1378 1579 1402 1313 1521 1008 1710 1529 1629 1647 1603 1214 1768 1978 1938 1445 BCNSPRNW ULIB Ver.6.0+V

เปลี่ยนเป็นภาษาไทย

Change to English
 แสดงรายละเอียดบรรณานุกรม
  กลับหน้าหลัก

Brief Record : Get Marc (ISO 2709) : E-mail record : QR code < ปิดหน้าต่าง
LEADER : 00000nam 2200000uu 4500
001    13399122185
003     ULIB
008    130108s2555||||th 000 0 tha d
020    9786160606900
099    นว.^bห218บ
100 0  หย่วนย่าน,ผู้เขียน
245 00 บ่วงแค้นลิขิตรัก^cหย่วนย่าน,ผู้เขียน พวงหยก, ผู้แปล
260    กรุงเทพฯ:^bแจ่มใส,^c2555
300    215 หน้า
650  0 นวนิยายจีน
945    ^p149^l0^i033388
995    เกษร
999    ^aใช้งานได้ทุกระบบ
รายการนี้ยังไม่มีแท็ก
คุณยังไม่ได้ล็อกอิน คุณสามารถมีกิจกรรมร่วมกับเว็บไซต์ได้ แต่ต้องล็อกอินก่อน ::
  ล็อกอิน

รายการสื่อสารสนเทศ

ลำดับที่ ประเภท เลขเรียก/บาร์โค้ด สถานที่ สถานะ
1. นวนิยาย
นวนิยาย
นว. ห218บ  
  Barcode: 033388
ห้องสมุดวิทยาเขตสวรรค์ประชารักษ์
►นวนิยาย
บนชั้น
  ขอยืม

รายการใกล้เคียง
    หัวเรื่อง [นวนิยายจีน]

BibComment


ยังไม่เคยถูกคอมเมนท์

คอมเมนท์ทรัพยากรรายการนี้
  คอมเมนท์: บ่วงแค้นลิขิตรัก ..


 Copyright 2026. Bcnsprnw @Library